Právna regulácia v oblasti boja s poisťovacími podvodmi

Konferencia o poisťovacích podvodoch, na ktorej odznela prezentácia s takýmto názvom. Podvody súvisiace s poistením. Poistenie ako prísne regulovaný druh podnikania. Smernice EÚ a direktívy Solvency II.

Salvato in:
Dettagli Bibliografici
Autore principale: Žáková, Jozefína
Natura: Capitolo di libro
Lingua:slovacco
Soggetti:
Tags: Aggiungi Tag
Nessun Tag, puoi essere il primo ad aggiungerne!!

MARC

LEADER 00000naa a2200000 4500
001 0134581
005 20211005124941.7
041 0 |a slo 
044 |a SK 
245 1 0 |a Právna regulácia v oblasti boja s poisťovacími podvodmi  |c Jozefína Žáková 
520 |a Konferencia o poisťovacích podvodoch, na ktorej odznela prezentácia s takýmto názvom. Podvody súvisiace s poistením. Poistenie ako prísne regulovaný druh podnikania. Smernice EÚ a direktívy Solvency II. 
610 2 0 |a poisťovne 
610 2 0 |a poisťovníctvo 
610 2 0 |a trh poistný 
610 2 0 |a podvody poisťovacie 
610 2 0 |a regulácia 
610 2 0 |a smernice 
610 2 0 |a Európska únia 
610 2 0 |a Slovensko 
610 2 0 |a konferencie 
100 1 |a Žáková, Jozefína